| 000 | 00793nam a2200229 u 4500 | ||
|---|---|---|---|
| 005 | 20240911064725.0 | ||
| 008 | 120123s2008 r 000 0 eng d | ||
| 020 | _a9788481649512 | ||
| 035 | _aUPN01000183050 | ||
| 049 | _aCG | ||
| 050 | 4 |
_aHM651 _bL8.3 |
|
| 100 | 1 |
_aLuckmann, Thomas, _d1927- |
|
| 245 | 1 | 0 |
_aConocimiento y sociedad : _bensayos sobre acción, religión y comunicación / _cThomas Luckmann ; tr. Sebastián Soler Schreiber. |
| 260 |
_aMadrid : _bTrotta, _c2008. |
||
| 300 | _a237 p. | ||
| 440 | 0 |
_aEstructuras y procesos. _pCiencias sociales |
|
| 534 |
_pTítulo original: _tWissen und gesellschaft |
||
| 650 | 7 |
_aSociología del conocimiento _2 _94897 |
|
| 650 | 7 |
_aComunicación _xAspectos sociales _2 _96056 |
|
| 650 | 2 |
_aReligión y sociología _96349 |
|
| 905 | _aLibro | ||
| 999 |
_c155153 _d155153 |
||